|
|
|
|
| LEADER |
00000naa2a2200000 4500 |
| 001 |
152576 |
| 005 |
20231031151058.0 |
| 035 |
|
|
|a (RuTPU)RU\TPU\book\165432
|
| 090 |
|
|
|a 152576
|
| 100 |
|
|
|a 20090203d1997 k y0rusy50 ca
|
| 101 |
0 |
|
|a rus
|
| 102 |
|
|
|a RU
|
| 200 |
1 |
|
|a Роль прикладной геохимии в развитии минерально-сырьевой базы платиновых металлов стран СНГ XXI века
|f Д. А. Додин [и др.]
|
| 463 |
|
0 |
|0 (RuTPU)RU\TPU\book\5667
|t Международный симпозиум по прикладной геохимии стран СНГ, 29-31 октября 1997, Москва
|o Тезисы докладов
|v С. 14-15
|d 1997
|p 340 с.
|
| 610 |
1 |
|
|a труды учёных ТПУ
|
| 701 |
|
1 |
|a Додин
|b Д. А.
|4 070
|
| 701 |
|
1 |
|a Оганесян
|b Л. В.
|4 070
|
| 701 |
|
1 |
|a Чернышов
|b Н. М.
|4 070
|
| 701 |
|
1 |
|a Милетенко
|b Н. В.
|4 070
|
| 701 |
|
1 |
|a Лабутин
|b А. Н.
|4 070
|
| 701 |
|
1 |
|a Коробейников
|b А. Ф.
|c российский геолог, доктор геолого-минералогических наук
|c профессор Томского политехнического университета
|f 1934-
|g Александр Феопенович
|2 stltpush
|3 (RuTPU)RU\TPU\pers\12688
|4 070
|
| 801 |
|
1 |
|a RU
|b 63413507
|c 20090203
|g PSBO
|
| 801 |
|
2 |
|a RU
|b 63413507
|c 20091209
|g RCR
|
| 942 |
|
|
|c BK
|